000 00238nam a2200109Ia 4500
008 190216s9999||||xx |||||||||||||| ||und||
100 _aLawrence D H
245 0 _aAarons Road
260 _bPenguin Books
650 _aEnglish
942 _cBK
999 _c12847
_d12847